| 000 | 00741cab a2200241 4500 | ||
|---|---|---|---|
| 001 | ABS46138 | ||
| 008 | 090401t1992 xxu||||| |||| 00| 0 eng d | ||
| 035 | _a(Sirsi) u56950 | ||
| 041 | _aeng | ||
| 100 | _aBurton, I. | ||
| 245 | _aCoastal zone placed off limits for major development | ||
| 260 | _c1992 | ||
| 350 | _a0 | ||
| 490 |
_aPlanning (for the Natural and Built Environment) _v(961) 27 March 1992, 8-17(2) |
||
| 520 | _aOutlines a DoE consultation paper on draft planning policy guidance note on coastal planning and management. | ||
| 650 | _aCOASTAL PLANNING | ||
| 650 | _aCOASTAL ZONE MANAGEMENT | ||
| 650 | _aDOE | ||
| 650 | _aDRAFT PPG | ||
| 690 | _aPLANNING LAW AND PRACTICE | ||
| 942 | _n0 | ||
| 948 | _c04/03/1997 | ||
| 999 |
_c34743 _d34743 |
||